00350cam a2200133ua 4500041001000000082001900010100002000029245008400049260004100133300001100174504000500185942000700190999001900197 aengh a828.09bMUL/AI aMullik, B R . aAldus Huxley : Students in novelists Vol.XIV / cB R Mullik.hTextual Documents aNew Delhi : bS.Chand & Co , c1966. a59 ; . a cBK c330972d330972